Responses for show #4692 - Tuesday, January 18, 2005

Contestants

[<< previous game]

Scott Johnson, a radio announcer from Lexington, Kentucky

Rosann O'Reilly, an elementary school teacher from the Bronx, New York

Bud Humphrey, an editor from Park Ridge, Illinois (whose 2-day cash winnings total $37,800)

[next game >>]

Jeopardy! Round responses

ANATOMY & MEDICINE
"EMP" TV
HOW ABOUT A HAWAIIAN LUNCH?
WE HAVE TO LET THEM GO
H.H.
3-LETTER WORDS
    $200 26
(Bud: What is peritoneal?)

abdominal

BudScott
    $200 11
Temptation Island

Scott
    $200 16
poi

Bud
    $200 6
the Soviet Union

Bud
    $200 1
"Heartbreak Hotel"

Bud
    $200 21
vet

Bud
    $400 27
(Scott: What is the esophagus?)

the trachea

Scott
Triple Stumper
    $400 12
Empty Nest

Bud
    $400 17
onions

Bud
    $400 7
Indonesia

Bud
    $400 2
Harry Houdini

Scott
    $400 22
nor

Scott
    $600 28
infantile paralysis

Rosann
    $600 13
Simon Templar

Rosann
    $600 18
macadamia nuts

Bud
    $600 8
Portugal

Scott
    $600 3
Henry Hudson

Rosann
    $600 23
(Bud: What is Sea?)
...
(Alex: Tampa [*] & Green [*].)

Bay

Bud
Triple Stumper
    $1,000 29
the tarsals and the metatarsals

Rosann
    $800 14
Jack Dempsey

Scott
    $800 19
ahi

Bud
    $800 9
France

Rosann
    $800 4
Holly Hunter

Bud
    $800 24
gnu

Bud
    $1000 30
(Alex: In my head, it doesn't go through.)

the occipital

Triple Stumper
    $1000 15
Memphis

Scott
    $1000 20
guava

Bud
    $1000 10
(Rosann: What is Uruguay?)
(Scott: What is Bolivia?)
...
(Alex: [*] and Portugal had a lot of territory in South America.)

Spain

RosannScott
Triple Stumper
    $1000 5
Horatio Hornblower

Rosann
    $1000 25
(Scott: What is CRT?)

gun

BudScott

Scores at the first commercial break (after clue 15):

Bud Rosann Scott
$2,000 $2,000 $2,000

Scores at the end of the Jeopardy! Round:

Bud Rosann Scott
$6,200 $3,600 $1,200

Double Jeopardy! Round responses

BRIT LIT
STATES' LONGEST RIVERS
CLASSICAL MUSICIANS
FROM THE LATIN FOR...
ANTIQUES
"ROAD" SHOW
    $400 24
the Pied Piper

Rosann
    $400 16
Iowa

Rosann
    $400 10
violin

Bud
    $400 5
tractor

Bud
    $400 14
Tiffany

Bud
    $400 1
Road Trip

Scott
    $800 25
patent medicine

Triple Stumper
    $800 17
Indiana

Rosann
    $800 11
(Rosann: Who is Robert Merrill?)

(Luciano) Pavarotti

BudRosann
    $800 6
surrogate

Bud
    $800 15
a quilt

Triple Stumper
    $800 2
Roadie

Scott
    $1200 26
Lady Chatterley's Lover

Scott
    $1200 18
(Bud: What is Maryland?)

Pennsylvania

BudRosann
    $1200 12
(Pablo) Casals

Scott
    $1200 7
repatriating

Rosann
    $1200 21
the Shakers

Bud
    $1200 3
Road House

Scott
    $1600 27
Thackeray

Scott
    $1600 19
(Scott: What is Tennessee?)

Georgia

Scott
Triple Stumper
    $1600 22
(Sergei Vassilievich) Rachmaninoff

Triple Stumper
    $2,000 8
ambience

Rosann
    $1600 29
Persian rugs

Triple Stumper
    $1600 4
(Bud: What is Road To Morocco?)
(Scott: What is Road To Bali?)
...
(Alex: Yes! It's a city. Asian.)

Road to Singapore

BudRosannScott
    $3,000 28
(Graham) Greene

Scott
    $2000 20
Virginia

Rosann
    $2000 23
(Alex: Great voice.)

(Renée) Fleming

Triple Stumper
    $2000 9
foundry

Bud
    $2000 13
Road to Perdition

Scott

Scores at the end of the Double Jeopardy! Round:

Bud Rosann Scott
$9,400 $12,400 $9,400

[wagering suggestions for these scores]

Final Jeopardy! Round responses

BRANDS
(Alex: Guess what, Bud. You're the champ again. And now you have a 3-day total of $56,599. And this was a good game. Thanks so much to our challengers. Bud'll be back tomorrow to defend again. See you then. So long.)
ScottWhat is Tupperware
$5,000
BudWhat is Tupperware?
$9,399
RosannWhat is Tupperware?
$2,000
Tupperware

Final scores:

Bud Rosann Scott
$18,799 $14,400 $14,400
3-day champion: $56,599 2nd place: $2,000 3rd place: $1,000

Game dynamics:

Coryat scores:

Bud Rosann Scott
$9,400 $11,800 $8,400
20 R,
4 W
14 R
(including 2 DDs),
2 W
15 R
(including 1 DD),
5 W

Combined Coryat: $29,600

The J! Archive is created by fans, for fans. The Jeopardy! game show and all elements thereof, including but not limited to copyright and trademark thereto, are the property of Jeopardy Productions, Inc. and are protected under law. This website is not affiliated with, sponsored by, or operated by Jeopardy Productions, Inc. Join the discussion at JBoard.tv.